000
00309nam a22001217a 4500
003
LRUA
005
20230526220736.0
008
230526b xxu||||| |||| 00| 0 eng d
040
_c
RUA
082
_2
262 PHI 1990 C077 Or.
245
_a
PHILIPPINES RECOMMENDS FOR BLACK PEPPER PRODOCUTION THE
942
_2
ddc
_c
REC
999
_c
21379
_d
21379